Every Language Available On Bluebird - Statistics

General Stats
  • This quiz has been taken 9 times
  • The average score is 82 of 161
Answer Stats
Answer % Correct
Slovene
100%
Afrikaans
83%
Bengali
83%
Cantonese
83%
Czech
83%
Dutch
83%
English (American)
83%
English (Australian)
83%
English (British)
83%
English (Canadian)
83%
English (Indian)
83%
English (Irish)
83%
English (New Zealand)
83%
English (Scottish)
83%
Finnish
83%
French
83%
French (Canadian)
83%
French (Indian)
83%
German
83%
Hebrew
83%
Hindi
83%
Irish
83%
Italian
83%
Japanese
83%
Japanese (Romaji)
83%
Mandarin
83%
Mandarin (Pinyin)
83%
Portuguese (Brazilian)
83%
Portuguese (European)
83%
Russian
83%
Slovak
83%
Spanish (Latin American)
83%
Spanish (Spain)
83%
Swahili
83%
Tagalog
83%
Thai
83%
Vietnamese
83%
Welsh
83%
Albanian
67%
Amharic
67%
Arabic (Algerian)
67%
Arabic (Egyptian)
67%
Arabic (Gulf)
67%
Arabic (Levantine)
67%
Arabic (Moroccan)
67%
Arabic (MSA)
67%
Arabic (Tunisian)
67%
Armenian (Eastern)
67%
Azerbaijani
67%
Belarusian
67%
Burmese
67%
Catalan
67%
Croatian
67%
Danish
67%
Estonian
67%
Flemish
67%
Greek
67%
Gujarati
67%
Hungarian
67%
Icelandic
67%
Igbo
67%
Kazakh
67%
Khmer
67%
Korean
67%
Kyrgyz
67%
Lao
67%
Latvian
67%
Lithuanian
67%
Luxembourgish
67%
Malay
67%
Nepali
67%
Norwegian
67%
Pashto
67%
Persian
67%
Polish
67%
Punjabi
67%
Romanian
67%
Scottish Gaelic
67%
Serbian
67%
Swedish
67%
Tajik
67%
Turkish
67%
Turkmen
67%
Ukrainian
67%
Urdu
67%
Uzbek
67%
Xhosa
67%
Basque
50%
Bulgarian
50%
Faroese
50%
Georgian
50%
Haitian Creole
50%
Hausa
50%
Indonesian
50%
Kurdish
50%
Latin
50%
Macedonian
50%
Maltese
50%
Marathi
50%
Oromo
50%
Sicilian
50%
Sinhala
50%
Somali
50%
Yiddish
50%
Yoruba
50%
Zulu
50%
Cebuano
33%
Dogri
33%
Frisian
33%
Galician
33%
Hmong
33%
Javanese
33%
Kannada
33%
Malagasy
33%
Malayalam
33%
Provençal
33%
Sanskrit
33%
Tamil
33%
Tatar
33%
Telugu
33%
Tibetan
33%
Tigrinya
33%
Assamese
17%
Awadhi
17%
Bhojpuri
17%
Bodo
17%
Dari
17%
Himachali
17%
Hinglish
17%
Konkani
17%
Magahi
17%
Maithili
17%
Mizo
17%
Mongolian
17%
Oriya
17%
Shona
17%
Sindhi
17%
Xiang
17%
Angika
0%
Braj Bhasha
0%
Bundeli
0%
Chhattisgarhi
0%
Garhwali
0%
Garo
0%
Haryanvi
0%
Hiligaynon
0%
Khasi
0%
Kodava
0%
Kumaoni
0%
Malvi
0%
Marwari
0%
Meitei
0%
Mewati
0%
Nagamese
0%
Northern Sotho
0%
Sambalpuri
0%
Santali
0%
Saraiki
0%
Southern Sotho
0%
Sylheti
0%
Tulu
0%
No matching quizzes found
Score Distribution
Percent of People with Each Score
Percentile by Number Answered
Your Score History
You have not taken this quiz